Ça suffit! (Registro nro. 6861)

Detalles MARC
000 -LEADER
fixed length control field 01279nam a2200241 a 4500
005 - DATE AND TIME OF LATEST TRANSACTION
control field 20250329170941.0
006 - FIXED-LENGTH DATA ELEMENTS--ADDITIONAL MATERIAL CHARACTERISTICS
fixed length control field m d
007 - PHYSICAL DESCRIPTION FIXED FIELD--GENERAL INFORMATION
fixed length control field cr cnu---uuuuu
008 - FIXED-LENGTH DATA ELEMENTS--GENERAL INFORMATION
fixed length control field 221021s2013 s 000 0 eng d
040 ## - CATALOGING SOURCE
Original cataloging agency CO-CtgCURN
Language of cataloging spa
Transcribing agency coctgcurn
082 04 - DEWEY DECIMAL CLASSIFICATION NUMBER
Classification number 303.609
Item number C397
100 1# - MAIN ENTRY--PERSONAL NAME
Personal name Centro Nacional de Memoria Histórica.
245 10 - TITLE STATEMENT
Title Ça suffit!
Medium [electronic resource] :
Remainder of title Colombie: mémoires de guerre et de dignité /
Statement of responsibility, etc. Centro Nacional de Memoria Histórica; traducción al frances: Nelson Vallejo Gómez
Designation of section/part/series (SE) [OBSOLETE] Titulo original: Basta ya! Colombia: memorias de guerra y dignidad.
260 ## - PUBLICATION, DISTRIBUTION, ETC.
Place of publication, distribution, etc. Bogotá :
Name of publisher, distributor, etc. Centro Nacional de Memoria Histórica,
Date of publication, distribution, etc. 2013.
300 ## - PHYSICAL DESCRIPTION
Extent 27 páginas.
500 ## - GENERAL NOTE
General note Inclute anexo: estadísticas del conflicto armado en Colombia.
650 #0 - SUBJECT ADDED ENTRY--TOPICAL TERM
Topical term or geographic name entry element Conflicto armado.
650 #0 - SUBJECT ADDED ENTRY--TOPICAL TERM
Topical term or geographic name entry element Violencia.
700 1# - ADDED ENTRY--PERSONAL NAME
Personal name Vallejo Gómez, Nelson,
Dates associated with a name Traductor.
856 7# - ELECTRONIC LOCATION AND ACCESS
Uniform Resource Identifier <a href="https://unicurn.sharepoint.com/sites/biblioteca/Conservacin/Forms/AllItems.aspx?id=%2Fsites%2Fbiblioteca%2FConservacin%2Fkoha%2FLibros%2FBasta%20ya%20%2D%20frances%2Epdf&parent=%2Fsites%2Fbiblioteca%2FConservacin%2Fkoha%2FLibros&p=true&ga=1">https://unicurn.sharepoint.com/sites/biblioteca/Conservacin/Forms/AllItems.aspx?id=%2Fsites%2Fbiblioteca%2FConservacin%2Fkoha%2FLibros%2FBasta%20ya%20%2D%20frances%2Epdf&parent=%2Fsites%2Fbiblioteca%2FConservacin%2Fkoha%2FLibros&p=true&ga=1</a>
Public note Click para ver el texto completo
942 ## - ADDED ENTRY ELEMENTS (KOHA)
Koha item type Libros electrónicos
Source of classification or shelving scheme Dewey Decimal Classification
Classification part 303.609
Item part C397
Existencias
Withdrawn status Lost status Source of classification or shelving scheme Damaged status Not for loan Collection Home library Current library Shelving location Date acquired Inventory number Total checkouts Full call number Barcode Date last seen Price effective from Koha item type
    Dewey Decimal Classification     Libros electrónicos Miguel Henríquez Castañeda Miguel Henríquez Castañeda     021738   303.609 021738 03/29/2025 03/29/2025 Libros electrónicos